Evolution and the fall (Record no. 22378)

MARC details
000 -LEADER
fixed length control field 00558cam a2200205 i 4500
020 ## - INTERNATIONAL STANDARD BOOK NUMBER
ISBN 9780802873798 (pbk. : alk. paper)
082 00 - DEWEY DECIMAL CLASSIFICATION NUMBER
Classification number 233.14
Author Cutter CAV
245 00 - TITLE STATEMENT
Title Evolution and the fall
260 ## - PUBLICATION, DISTRIBUTION, ETC. (IMPRINT)
Place of publication United States of America
Name of publisher Wm.B.Eerdmans Publishing
Year of publication 2017
300 ## - PHYSICAL DESCRIPTION
Number of Pages xxix, 231 pages ;
650 #0 - SUBJECT ADDED ENTRY--TOPICAL TERM
Topical Term Bible and evolution.
650 #0 - SUBJECT ADDED ENTRY--TOPICAL TERM
Topical Term Evolution.
650 #0 - SUBJECT ADDED ENTRY--TOPICAL TERM
Topical Term Evolution (Biology)
650 #0 - SUBJECT ADDED ENTRY--TOPICAL TERM
Topical Term Eden.
650 #0 - SUBJECT ADDED ENTRY--TOPICAL TERM
Topical Term Religion and science.
942 ## - ADDED ENTRY ELEMENTS (KOHA)
Koha item type Books
700 1# -
-- Cavanaugh, William T.,
700 1# -
-- Smith, James K. A.,
Holdings
Home library Current library Shelving location Date acquired Full call number Accession Number Koha item type
Henry Martyn Institute Library Henry Martyn Institute Library General stacks 10/24/2018 233.14 CAV 11003748 Books
                   Copyright © 2026 | Henry Martyn Institute | Hyderabad | TS-500052 | INDIA | Implemented by hmi.edu.in
Hit-Count:

Powered by Koha